000 00447nam a2200157 i 4500
001 58346
003 ES-MaACL
005 20230906163803.0
007 t|
008 031022s1908 fr ||||1| fre d
100 1 _aLorrain, Jean.
_974232
245 1 0 _aMaison pour dames /
_cJean Lorrain.
260 _aParis :
_bSociété d'Editions Litteraires et Artistiques,
_c1908 (
_fP. Ollendorf)
300 _a280 p. ;
_c15 cm.
852 _aES-MaACL
_jF-1352
999 _c58346
_d58346